| 000 | 00413nam a22001457a 4500 | ||
|---|---|---|---|
| 003 | PILC | ||
| 005 | 20150112093448.0 | ||
| 008 | 131018t xxu||||| |||| 00| 0 eng d | ||
| 050 |
_aHD 69 _b.H459 2002 |
||
| 100 |
_aHeerkens, Gary R. _930028 |
||
| 245 |
_aProject management / _cGary R. Heerkens. |
||
| 260 |
_aNew York ; _bMcGraw-Hill . _xyz2002. |
||
| 300 |
_a250 pages : _billustration ; _c22 cm. |
||
| 942 |
_2lcc _cBK |
||
| 999 |
_c14999 _d14999 |
||